LEADER 01556nam 2200385Ia 450 001 996395828103316 005 20221108035919.0 035 $a(CKB)4330000000311341 035 $a(EEBO)2240908715 035 $a(UnM)99896101 035 $a(UnM)9928857600971 035 $a(EXLCZ)994330000000311341 100 $a19931005d1649 uy | 101 0 $aeng 135 $aurbn||||a|bb| 200 12$aA declaration of the noble knights, Sir Marmaduke Langdale, and Sir Lewis Dives$b[electronic resource] $ein vindication of the Right Honourable, James, Earle of Darby: and remonstrating their resolutions to keep the Isle of Man, against all opposition, for His Majesties service. August the 5th. 1649 210 $aLondon $c[s.n.]$dprinted in the yeare, 1649 215 $a[2], 5, [1] p 300 $aAnnotation on Thomason copy: "August 20.". 300 $aReproduction of original in the Folger Shakespeare Library. 330 $aeebo-0055 607 $aIsle of Man$xHistory$y17th century$vEarly works to 1800 607 $aGreat Britain$xHistory$yCommonwealth and Protectorate, 1649-1660$vEarly works to 1800 700 $aLangdale$b Marmaduke Langdale$cBaron,$f1598?-1661.$01008422 702 $aDyve$b Lewis$cSir,$f1599-1669.$4aut 801 0$bCu-RivES 801 1$bCu-RivES 801 2$bUk-ES 801 2$bCStRLIN 801 2$bCu-RivES 801 2$bWaOLN 906 $aBOOK 912 $a996395828103316 996 $aA declaration of the noble knights, Sir Marmaduke Langdale, and Sir Lewis Dives$92380346 997 $aUNISA LEADER 01972nas 2200589-a 450 001 996214119903316 005 20240413030253.0 035 $a(CKB)991042729679884 035 $a(CONSER)---89644637- 035 $a(DE-599)ZDB2489522-2 035 $a(EXLCZ)99991042729679884 100 $a19891011a19879999 -a- - 101 0 $aeng 181 $ctxt$2rdacontent 182 $cc$2rdamedia 183 $acr$2rdacarrier 200 10$aAnnual report /$fIndustry Research and Development Board 210 $aCanberra $cAustralian Govt. Pub. Service$dc1987- 215 $a1 online resource 225 1 $aParliamentary paper / the Parliament of the Commonwealth of Australia,$x0727-4181 300 $aSeries statement on verso t.p. 311 08$aPrint version: Annual report / 1030-3316 (DLC) 89644637 (OCoLC)20475340 410 0$aParliamentary paper (Australia. Parliament) 606 $aResearch, Industrial$zAuistralia$vPeriodicals 606 $aINDUSTRIAL RESEARCH$2unbist 606 $aCORPORATION REPORTS$2unbist 606 $aINDUSTRIAL RESEARCH INSTITUTES$2unbist 606 $aAUSTRALIA$2unbist 606 $aDIRECTORIES$2unbist 606 $aACTIVITIES$2unbist 606 $aForschungs- und Technologiepolitik$2stw 606 $aIndustrielle Forschung$2stw 606 $aAustralien$2stw 606 $aResearch, Industrial$2fast$3(OCoLC)fst01095378 608 $aPeriodicals.$2fast 615 0$aResearch, Industrial 615 7$aINDUSTRIAL RESEARCH 615 7$aCORPORATION REPORTS 615 7$aINDUSTRIAL RESEARCH INSTITUTES 615 7$aAUSTRALIA 615 7$aDIRECTORIES 615 7$aACTIVITIES 615 7$aForschungs- und Technologiepolitik 615 7$aIndustrielle Forschung 615 7$aAustralien 615 7$aResearch, Industrial. 676 $a607/.294 906 $aJOURNAL 912 $a996214119903316 920 $aexl_impl conversion 996 $aAnnual report$9162222 997 $aUNISA